| 000 | 00000nam 2200000za 4500 |
| 001 | 9.816628 |
| 003 | CaOODSP |
| 005 | 20250410092254 |
| 007 | cr ||||||||||| |
| 008 | 160502s1990 onc |o||||f|0| 0|fre d |
| 020 | |z0-660-55697-9 |
| 040 | |aCaOODSP|bfre |
| 041 | |afre|aeng |
| 043 | |an-cn--- |
| 086 | 1 |aFs41-31/111-PDF |
| 100 | 1 |aBower, Susan M. |
| 245 | 10|aAtlas of anatomy and histology of larvae and early juvenile stages of the Japanese scallop |h[ressource électronique] = |bAtlas d'anatomie et d'histologie des larves et des premiers stades juvéniles du pétoncle japonais (Patinopecten yessoensis) / |c[par] Susan M. Bower and Gary R. Meyer. |
| 246 | 11|aAtlas d'anatomie et d'histologie des larves et des premiers stades juvéniles du pétoncle japonais (Patinopecten yessoensis) |
| 260 | |aOttawa : |bMinistère des Pêches et des Océans, |c1990. |
| 300 | |aiv, 51 p.|bphotos, figs. |
| 490 | 1 |aPublication spéciale canadienne des sciences halieutiques et aquatiques, |x0706-6481 ; |v111 |
| 500 | |aLe n° de catalogue (Fs41-31/111) et l’ISBN (0-660-55697-9) de l'édition imprimée bilingue ont été copiés dans l’édition électronique. |
| 546 | |aTexte en français et en anglais. |
| 692 | 07|2gccst|aPoisson de mer |
| 700 | 1 |aMeyer, Gary R. |
| 710 | 1 |aCanada. |bMinistère des pêches et des océans. |
| 791 | |tAtlas of anatomy and histology of larvae and early juvenile stages of the Japanese scallop (Patinopecten yessoensis) |eeng|w(CaOODSP)9.816626 |
| 830 | #0|aPublication spéciale canadienne des sciences halieutiques et aquatiques ;|v111|w(CaOODSP)9.816386 |
| 856 | 40|qPDF|s12.38 Mo|uhttps://publications.gc.ca/collections/collection_2016/mpo-dfo/Fs41-31-111.pdf |